000 00408nam a2200157Ia 4500
008 240729s9999 xx 000 0 und d
022 _a0719-2479
245 0 _aJournal of Oral Research
260 _aChile
260 _bUniversidad de Concepción.
650 _a Dentistry
650 _aMedicine
856 _uhttps://doaj.org/toc/c83c6da6534b4e4a8d9ea71df0a777c7
942 _2ddc
942 _cDOAJEJ
999 _c66854
_d66854
945 _a1
_bMadushi Gamage
_c1
_dMadushi Gamage